=LDR 00000nam 2200000 4500 =001 NUTBA000000000005071 =005 20141018115135.0 =006 =007 =008 =020 ##$$a978-979-29-2239-4 =035 ##$$a 0010-101400000000301 =082 ##$$a650 =100 ##$$aSIGMA =245 ##$$a25 BISNIS SAMPINGAN UTK MAHASISWA =260 ##$$a YOGYSKSRTS $b G. MEDIA =990 ##$$a 0001/BPAP-NTB/20142014